000 00593nam a2200193Ia 4500
003 GCL
008 140319s9999 xx 000 0 ara d
040 _aGCL /
_cGCL
082 0 4 _aم
_b017.5
_bص ف
100 1 _aالصديق بن العربى
245 1 0 _aفهرس مخطوطات خزانة ابن يوسف بمراكش /
_cالصديق بن العربى
260 _a[S.N] :
_bدار الغرب الاسلامى ،
_c1994
300 _a547 ص
490 _a
650 0 4 _aالمخطوطات
650 0 4 _aالببليوجرافيات
650 0 4 _aالفهارس
942 _2ddc
_cBK
999 _c35212
_d35212